Toisen maailmansodan valtiot - Äkkikuolema - Statistics

Yleistilastot
  • Tätä visaa on pelattu 234 kertaa
  • Keskiarvotulos 11 / 22
Answers on the Grid
Answers color-coded by a green-red scale on the quiz's grid according to % correct below.
Afganistan
Alankomaat
Belgia
Bhutan
Brasilia
Bulgaria
Espanja
Etiopia
Irak
Irlanti
Italia
Japani
Jemen
Jugoslavia
Kiina
Kreikka
Meksiko
Neuvostoliitto
Norja
Portugali
Puola
Ranska
Romania
Ruotsi
Saksa
Sveitsi
Suomi
Thaimaa
Tiibet
Vatikaani
Yhdistynyt Kuningaskunta
Yhdysvallat
 
Vastaustilastot
Vastaus % Oikein
Neuvostoliitto
72%
Saksa
72%
Puola
70%
Ranska
70%
Yhdistynyt Kuningaskunta
68%
Alankomaat
67%
Belgia
67%
Italia
67%
Japani
66%
Suomi
66%
Yhdysvallat
66%
Norja
50%
Jugoslavia
46%
Bulgaria
42%
Kreikka
40%
Kiina
32%
Romania
32%
Etiopia
22%
Thaimaa
21%
Irak
19%
Brasilia
17%
Meksiko
7%
Ehtoja vastaavia visoja ei löytynyt
Tulosjakauma
Jokaisen tuloksen saaneiden osuus
Persentiili vastausten määrän mukaan
Tuloshistoriasi
Et ole pelannut tätä visaa